000 006470000a22001810004500
003 MACL
005 20160512121437.0
008 160512b xxu||||| |||| 00| 0 eng d
040 _aMACL
_cMACL
041 _aHindi
082 _a891.431 BHA
100 _aभटटाचार्य, प्रभातकुमार
_956260
245 _aकविता प्रभात
_bखण्‍ड सात
_cप्रभातकुमार भटटाचार्य
260 _bसंस्‍कृति प्रकाशन
_c2007
_aउज्‍जेन
350 _a100
650 _aPoetry
_956269
942 _cHIN
_k891.433/BHA
_2ddc
999 _c41214
_d41214